000
00298nam a22001337a 4500
008
181003b xxu||||| |||| 00| 0 eng d
020
_a
9781604265613
041
_a
eng
080
_a
610
100
_a
3
101
_a
SHM
245
_a
The New Ethics Of Journalism
_c
Keily.M
942
_2
udc
_c
BK
999
_c
48807
_d
48807